000 00570aam a2200205 4500
005 20231011115123.0
008 150417b xxu||||| |||| 00| 0 spa d
020 _a9788475563084
041 _aspa
082 _a155.23 L863v5
100 _aLópez, Núria
_911248
245 _aVoz de Ángel: encuentra tu felicidad con la ayuda de los ángeles
250 _a5 edición
260 _aEspaña
_bOcéano
_c2008
300 _a189 páginas
650 _aSUPERACIÓN PERSONAL
650 _aÁNGELES
650 _aMENSAJES DE FELICIDAD
942 _cLIT
_2ddc
999 _c4762
_d4762